<?xml version="1.0" encoding="UTF-8"?>
<collection xmlns="http://www.loc.gov/MARC21/slim">
 <record>
  <leader>02960nam a22003497a 4500</leader>
  <controlfield tag="001">NCT_28543</controlfield>
  <controlfield tag="008">180411b        xxu||||| |||| 00| 0 vie d</controlfield>
  <datafield tag="999" ind1=" " ind2=" ">
   <subfield code="c">1371</subfield>
   <subfield code="d">1371</subfield>
  </datafield>
  <datafield tag="020" ind1=" " ind2=" ">
   <subfield code="c">38000</subfield>
  </datafield>
  <datafield tag="082" ind1="0" ind2="4">
   <subfield code="2">23rd ed.</subfield>
   <subfield code="a">613.2</subfield>
   <subfield code="b">T561</subfield>
  </datafield>
  <datafield tag="100" ind1="1" ind2=" ">
   <subfield code="a">Phạm Duy Tường</subfield>
  </datafield>
  <datafield tag="245" ind1=" " ind2=" ">
   <subfield code="a">Dinh dưỡng và một số vấn đề sức khỏe cộng đồng</subfield>
  </datafield>
  <datafield tag="260" ind1=" " ind2=" ">
   <subfield code="a">H.</subfield>
   <subfield code="b">Giáo dục Việt Nam</subfield>
   <subfield code="c">2013</subfield>
  </datafield>
  <datafield tag="300" ind1=" " ind2=" ">
   <subfield code="a">219tr.</subfield>
   <subfield code="c">19cm</subfield>
  </datafield>
  <datafield tag="520" ind1=" " ind2=" ">
   <subfield code="a">Nội dung sách trình bày về vấn đề dinh dưỡng hợp lý ảnh hưởng tới nhiều chức năng sống như miễn dịch, hormone, trí tuệ và thể chất.</subfield>
  </datafield>
  <datafield tag="653" ind1=" " ind2=" ">
   <subfield code="a">Dược học</subfield>
  </datafield>
  <datafield tag="942" ind1=" " ind2=" ">
   <subfield code="2">ddc</subfield>
   <subfield code="c">BK</subfield>
  </datafield>
  <datafield tag="952" ind1=" " ind2=" ">
   <subfield code="0">0</subfield>
   <subfield code="1">0</subfield>
   <subfield code="2">ddc</subfield>
   <subfield code="4">0</subfield>
   <subfield code="6">613_200000000000000_T561</subfield>
   <subfield code="7">0</subfield>
   <subfield code="9">6766</subfield>
   <subfield code="a">000001</subfield>
   <subfield code="b">000001</subfield>
   <subfield code="d">2018-04-11</subfield>
   <subfield code="o">613.2 T561</subfield>
   <subfield code="p">MD.10923</subfield>
   <subfield code="r">2018-04-11</subfield>
   <subfield code="v">38000.00</subfield>
   <subfield code="w">2018-04-11</subfield>
   <subfield code="y">BK</subfield>
  </datafield>
  <datafield tag="952" ind1=" " ind2=" ">
   <subfield code="0">0</subfield>
   <subfield code="1">0</subfield>
   <subfield code="2">ddc</subfield>
   <subfield code="4">0</subfield>
   <subfield code="6">613_200000000000000_T561</subfield>
   <subfield code="7">0</subfield>
   <subfield code="9">6767</subfield>
   <subfield code="a">000001</subfield>
   <subfield code="b">000001</subfield>
   <subfield code="d">2018-04-11</subfield>
   <subfield code="l">1</subfield>
   <subfield code="o">613.2 T561</subfield>
   <subfield code="p">MD.11035</subfield>
   <subfield code="r">2018-11-14</subfield>
   <subfield code="s">2018-11-06</subfield>
   <subfield code="v">38000.00</subfield>
   <subfield code="w">2018-04-11</subfield>
   <subfield code="y">BK</subfield>
  </datafield>
  <datafield tag="952" ind1=" " ind2=" ">
   <subfield code="0">0</subfield>
   <subfield code="1">0</subfield>
   <subfield code="2">ddc</subfield>
   <subfield code="4">0</subfield>
   <subfield code="6">613_200000000000000_T561</subfield>
   <subfield code="7">0</subfield>
   <subfield code="9">6768</subfield>
   <subfield code="a">000001</subfield>
   <subfield code="b">000001</subfield>
   <subfield code="d">2018-04-11</subfield>
   <subfield code="o">613.2 T561</subfield>
   <subfield code="p">MD.12080</subfield>
   <subfield code="r">2018-04-11</subfield>
   <subfield code="v">38000.00</subfield>
   <subfield code="w">2018-04-11</subfield>
   <subfield code="y">BK</subfield>
  </datafield>
  <datafield tag="952" ind1=" " ind2=" ">
   <subfield code="0">0</subfield>
   <subfield code="1">0</subfield>
   <subfield code="2">ddc</subfield>
   <subfield code="4">0</subfield>
   <subfield code="6">613_200000000000000_T561</subfield>
   <subfield code="7">0</subfield>
   <subfield code="9">12624</subfield>
   <subfield code="a">000001</subfield>
   <subfield code="b">000001</subfield>
   <subfield code="d">2018-07-12</subfield>
   <subfield code="o">613.2 T561</subfield>
   <subfield code="p">MD.12658</subfield>
   <subfield code="r">2018-07-12</subfield>
   <subfield code="v">38000.00</subfield>
   <subfield code="w">2018-07-12</subfield>
   <subfield code="y">BK</subfield>
  </datafield>
  <datafield tag="952" ind1=" " ind2=" ">
   <subfield code="0">0</subfield>
   <subfield code="1">0</subfield>
   <subfield code="2">ddc</subfield>
   <subfield code="4">0</subfield>
   <subfield code="6">613_200000000000000_T561</subfield>
   <subfield code="7">0</subfield>
   <subfield code="9">12625</subfield>
   <subfield code="a">000001</subfield>
   <subfield code="b">000001</subfield>
   <subfield code="d">2018-07-12</subfield>
   <subfield code="o">613.2 T561</subfield>
   <subfield code="p">MD.12659</subfield>
   <subfield code="r">2018-07-12</subfield>
   <subfield code="v">38000.00</subfield>
   <subfield code="w">2018-07-12</subfield>
   <subfield code="y">BK</subfield>
  </datafield>
  <datafield tag="952" ind1=" " ind2=" ">
   <subfield code="0">0</subfield>
   <subfield code="1">0</subfield>
   <subfield code="2">ddc</subfield>
   <subfield code="4">0</subfield>
   <subfield code="6">613_200000000000000_T561</subfield>
   <subfield code="7">0</subfield>
   <subfield code="9">12626</subfield>
   <subfield code="a">000001</subfield>
   <subfield code="b">000001</subfield>
   <subfield code="d">2018-07-12</subfield>
   <subfield code="o">613.2 T561</subfield>
   <subfield code="p">MD.12660</subfield>
   <subfield code="r">2018-07-12</subfield>
   <subfield code="v">38000.00</subfield>
   <subfield code="w">2018-07-12</subfield>
   <subfield code="y">BK</subfield>
  </datafield>
  <datafield tag="952" ind1=" " ind2=" ">
   <subfield code="0">0</subfield>
   <subfield code="1">0</subfield>
   <subfield code="2">ddc</subfield>
   <subfield code="4">0</subfield>
   <subfield code="6">613_200000000000000_T561</subfield>
   <subfield code="7">0</subfield>
   <subfield code="9">12627</subfield>
   <subfield code="a">000001</subfield>
   <subfield code="b">000001</subfield>
   <subfield code="d">2018-07-12</subfield>
   <subfield code="o">613.2 T561</subfield>
   <subfield code="p">MD.12661</subfield>
   <subfield code="r">2018-07-12</subfield>
   <subfield code="v">38000.00</subfield>
   <subfield code="w">2018-07-12</subfield>
   <subfield code="y">BK</subfield>
  </datafield>
  <datafield tag="952" ind1=" " ind2=" ">
   <subfield code="0">0</subfield>
   <subfield code="1">0</subfield>
   <subfield code="2">ddc</subfield>
   <subfield code="4">0</subfield>
   <subfield code="6">613_200000000000000_T561</subfield>
   <subfield code="7">0</subfield>
   <subfield code="9">12628</subfield>
   <subfield code="a">000001</subfield>
   <subfield code="b">000001</subfield>
   <subfield code="d">2018-07-12</subfield>
   <subfield code="o">613.2 T561</subfield>
   <subfield code="p">MD.12662</subfield>
   <subfield code="r">2018-07-12</subfield>
   <subfield code="v">38000.00</subfield>
   <subfield code="w">2018-07-12</subfield>
   <subfield code="y">BK</subfield>
  </datafield>
  <datafield tag="952" ind1=" " ind2=" ">
   <subfield code="0">0</subfield>
   <subfield code="1">0</subfield>
   <subfield code="2">ddc</subfield>
   <subfield code="4">0</subfield>
   <subfield code="6">613_200000000000000_T561</subfield>
   <subfield code="7">0</subfield>
   <subfield code="9">12629</subfield>
   <subfield code="a">000001</subfield>
   <subfield code="b">000001</subfield>
   <subfield code="d">2018-07-12</subfield>
   <subfield code="o">613.2 T561</subfield>
   <subfield code="p">MD.12663</subfield>
   <subfield code="r">2018-07-12</subfield>
   <subfield code="v">38000.00</subfield>
   <subfield code="w">2018-07-12</subfield>
   <subfield code="y">BK</subfield>
  </datafield>
  <datafield tag="952" ind1=" " ind2=" ">
   <subfield code="0">0</subfield>
   <subfield code="1">0</subfield>
   <subfield code="2">ddc</subfield>
   <subfield code="4">0</subfield>
   <subfield code="6">613_200000000000000_T561</subfield>
   <subfield code="7">0</subfield>
   <subfield code="9">12630</subfield>
   <subfield code="a">000001</subfield>
   <subfield code="b">000001</subfield>
   <subfield code="d">2018-07-12</subfield>
   <subfield code="o">613.2 T561</subfield>
   <subfield code="p">MD.12664</subfield>
   <subfield code="r">2018-07-12</subfield>
   <subfield code="v">38000.00</subfield>
   <subfield code="w">2018-07-12</subfield>
   <subfield code="y">BK</subfield>
  </datafield>
  <datafield tag="952" ind1=" " ind2=" ">
   <subfield code="0">0</subfield>
   <subfield code="1">0</subfield>
   <subfield code="2">ddc</subfield>
   <subfield code="4">0</subfield>
   <subfield code="6">613_200000000000000_T561</subfield>
   <subfield code="7">0</subfield>
   <subfield code="9">12631</subfield>
   <subfield code="a">000001</subfield>
   <subfield code="b">000001</subfield>
   <subfield code="d">2018-07-12</subfield>
   <subfield code="l">1</subfield>
   <subfield code="o">613.2 T561</subfield>
   <subfield code="p">MD.12665</subfield>
   <subfield code="r">2019-11-27</subfield>
   <subfield code="s">2019-11-11</subfield>
   <subfield code="v">38000.00</subfield>
   <subfield code="w">2018-07-12</subfield>
   <subfield code="y">BK</subfield>
  </datafield>
  <datafield tag="952" ind1=" " ind2=" ">
   <subfield code="0">0</subfield>
   <subfield code="1">0</subfield>
   <subfield code="2">ddc</subfield>
   <subfield code="4">0</subfield>
   <subfield code="6">613_200000000000000_T561</subfield>
   <subfield code="7">0</subfield>
   <subfield code="9">12632</subfield>
   <subfield code="a">000001</subfield>
   <subfield code="b">000001</subfield>
   <subfield code="d">2018-07-12</subfield>
   <subfield code="o">613.2 T561</subfield>
   <subfield code="p">MD.12666</subfield>
   <subfield code="r">2018-07-12</subfield>
   <subfield code="v">38000.00</subfield>
   <subfield code="w">2018-07-12</subfield>
   <subfield code="y">BK</subfield>
  </datafield>
  <datafield tag="952" ind1=" " ind2=" ">
   <subfield code="0">0</subfield>
   <subfield code="1">0</subfield>
   <subfield code="2">ddc</subfield>
   <subfield code="4">0</subfield>
   <subfield code="6">613_200000000000000_T561</subfield>
   <subfield code="7">0</subfield>
   <subfield code="9">12633</subfield>
   <subfield code="a">000001</subfield>
   <subfield code="b">000001</subfield>
   <subfield code="d">2018-07-12</subfield>
   <subfield code="l">1</subfield>
   <subfield code="o">613.2 T561</subfield>
   <subfield code="p">MD.12667</subfield>
   <subfield code="r">2019-11-19</subfield>
   <subfield code="s">2019-11-07</subfield>
   <subfield code="v">38000.00</subfield>
   <subfield code="w">2018-07-12</subfield>
   <subfield code="y">BK</subfield>
  </datafield>
  <datafield tag="952" ind1=" " ind2=" ">
   <subfield code="0">0</subfield>
   <subfield code="1">0</subfield>
   <subfield code="2">ddc</subfield>
   <subfield code="4">0</subfield>
   <subfield code="6">613_200000000000000_T561</subfield>
   <subfield code="7">0</subfield>
   <subfield code="9">14956</subfield>
   <subfield code="a">000001</subfield>
   <subfield code="b">000001</subfield>
   <subfield code="d">2019-01-04</subfield>
   <subfield code="o">613.2 T561</subfield>
   <subfield code="p">MD.14109</subfield>
   <subfield code="r">2019-01-04</subfield>
   <subfield code="v">38000.00</subfield>
   <subfield code="w">2019-01-04</subfield>
   <subfield code="y">BK</subfield>
  </datafield>
  <datafield tag="980" ind1=" " ind2=" ">
   <subfield code="a">Thư viện Trường Đại học Nam Cần Thơ</subfield>
  </datafield>
 </record>
</collection>
